000 00304nam a22001097a 4500
082 _a891.4393
_bSHE
245 _aKuliyat e shamsul Rehman Farooqui/
_bBy:Shehnaz Nabi
300 _a544p.
880 _6100-01\r
_aشہناز نبی
880 _6245-02\r
_aکلیات شمس الرحمٰن
942 _2ddc
_cBK
999 _c613519
_d613519